[Event "Oberliga Nord O 1617"]
[Site "Germany"]
[Date "2017.02.05"]
[Round "5.6"]
[White "Kuersten, Ruediger"]
[Black "Sucher, Uwe"]
[Result "1-0"]
[WhiteElo "2186"]
[BlackElo "1929"]
[PlyCount "39"]
[EventDate "2016.10.16"]
[EventType "team-tourn"]
[EventRounds "9"]
[EventCountry "GER"]
[SourceTitle "EXT 2018"]
[Source "ChessBase"]
[SourceDate "2017.10.13"]
[SourceVersion "1"]
[SourceVersionDate "2017.10.13"]
[SourceQuality "1"]
[WhiteTeam "Greifswald"]
[BlackTeam "Oranienburg"]
[WhiteTeamCountry "GER"]
[BlackTeamCountry "GER"]

1. Nf3 d6 2. d4 Nf6 3. g3 g6 4. Bg2 Bg7 5. 0-0 0-0 6. a4 c5 7. dxc5 dxc5 8. Nc3 Nc6 9. Qxd8 Rxd8 10. Be3 Bf5 11. Bxc5 Bxc2 12. Rfc1 Bb3 13. Ra3 Bd5 14. a5 Ne4 15. Be3 Nxc3 16. bxc3 Bc4 17. Nd4 Rd6 18. a6 Nxd4 19. cxd4 Rxa6 20. Rac3 1-0

[Event "Oberliga Nord O 1617"]
[Site "Germany"]
[Date "2017.01.15"]
[Round "4.5"]
[White "Moritz, Aron"]
[Black "Sucher, Uwe"]
[Result "1-0"]
[WhiteElo "2175"]
[BlackElo "1929"]
[PlyCount "65"]
[EventDate "2016.10.16"]
[EventType "team-tourn"]
[EventRounds "9"]
[EventCountry "GER"]
[SourceTitle "EXT 2018"]
[Source "ChessBase"]
[SourceDate "2017.10.13"]
[SourceVersion "1"]
[SourceVersionDate "2017.10.13"]
[SourceQuality "1"]
[WhiteTeam "Kreuzberg"]
[BlackTeam "Oranienburg"]
[WhiteTeamCountry "GER"]
[BlackTeamCountry "GER"]

1. e4 c5 2. Nf3 Nc6 3. d4 cxd4 4. Nxd4 Nf6 5. Nc3 e5 6. Ndb5 d6 7. Bg5 a6 8. Na3 b5 9. Nd5 Be7 10. Bxf6 Bxf6 11. c4 b4 12. Nc2 0-0 13. g3 Bg5 14. h4 Bh6 15. Bh3 Rb8 16. Bxc8 Rxc8 17. b3 a5 18. Qg4 Ne7 19. Rd1 Kh8 20. Nce3 Bxe3 21. Nxe3 Rc7 22. 0-0 g6 23. Nd5 Nxd5 24. Rxd5 Rc5 25. Rfd1 f5 26. exf5 gxf5 27. Qg5 Rxd5 28. Rxd5 Qc7 29. Qh6 Rf7 30. Qxd6 Qxd6 31. Rxd6 a4 32. Rb6 axb3 33. axb3 1-0

[Event "Oberliga Nord O 1617"]
[Site "Germany"]
[Date "2016.12.04"]
[Round "3.6"]
[White "Wuttke, Hans"]
[Black "Sucher, Uwe"]
[Result "1-0"]
[WhiteElo "2152"]
[BlackElo "1929"]
[PlyCount "63"]
[EventDate "2016.10.16"]
[EventType "team-tourn"]
[EventRounds "9"]
[EventCountry "GER"]
[SourceTitle "EXT 2018"]
[Source "ChessBase"]
[SourceDate "2017.10.13"]
[SourceVersion "1"]
[SourceVersionDate "2017.10.13"]
[SourceQuality "1"]
[WhiteTeam "Potsdam Empor"]
[BlackTeam "Oranienburg"]
[WhiteTeamCountry "GER"]
[BlackTeamCountry "GER"]

1. c4 e5 2. g3 Nc6 3. Bg2 Nf6 4. Nc3 g6 5. e4 Bg7 6. Nge2 0-0 7. d3 d6 8. Nd5 Nxd5 9. cxd5 Nd4 10. Nxd4 exd4 11. 0-0 Bd7 12. Bf4 Qe7 13. Qb3 Rab8 14. Qa3 a6 15. Rac1 g5 16. Bd2 Rbc8 17. Rfe1 g4 18. Qb4 Bb5 19. Qb3 c5 20. dxc6 Bxc6 21. Qd1 Qd7 22. Bf4 Rfe8 23. Qd2 Qe6 24. b3 h5 25. f3 Rcd8 26. Bg5 f6 27. Bf4 Qf7 28. Qa5 Bb5 29. Rc7 Rd7 30. Rxd7 Qxd7 31. a4 Bxd3 32. Qd2 1-0